00720nab a2200205 uc450000100070000000500170000700800410002403500110006503500210007604000130009704100080011010000540011824500570017265000310022965000390026065000360029965000220033565000320035777301250038978544020240201184355.0021114s2002 spa  a785440 a(OCoLC)819998354 ccomduadb aspa10aSourdis de De La Vega, Adelaida,d1940-4auteaut13aEl Caribe en el boletin : relatos que hacen historia aCaribe (region) - Historia aBoletin de Historia y Antiguedades aAcademia Colombiana de Historia aHistoria colonial aInvestigación histórica0 tBoletín de Historia y Antiguedades (Bogotá)gVol. 89, No. 818, Jul.-Sep. 2002, p. 541-552w325229x0006-63030106601